书目信息 |
| 题名: |
新概念英语:练习祥解 3
|
|
| 作者: | 孙玉荣 , 杜建 编著 | |
| 分册: | 练习祥解 3 | |
| 出版信息: | 北京 外语教学与研究出版社 2000.11 |
|
| 页数: | 307页 | |
| 开本: | 20cm | |
| 丛书名: | ||
| 单 册: | ||
| 中图分类: | H31 | |
| 科图分类: | ||
| 主题词: | 英语 | |
| 电子资源: | ||
| ISBN: | 7-5600-1873-4 | |
| 000 | 00624nam0 2200205 45 | |
| 001 | 0429227625 | |
| 005 | 20041203102025.64 | |
| 010 | @a7-5600-1873-4@dCNY 19.90 | |
| 100 | @a20040430d2000 km y0chiy0120 ea | |
| 101 | 0 | @achi |
| 102 | @aCN@b110000 | |
| 200 | 1 | @a新概念英语:练习祥解 3@AXin Gai Nian Ying Yu:Lian Xi Xiang Jie 3@f孙玉荣,杜建编著@FSun Yu Rong,Du Jian Bian Zhu@h练习祥解 3 |
| 210 | @a北京@c外语教学与研究出版社@d2000.11 | |
| 215 | @a307页@d20cm | |
| 606 | 0 | @a英语 |
| 690 | @aH31@v3 | |
| 701 | 0 | @a孙玉荣@ASun Yu Rong@4编著 |
| 701 | 0 | @a杜建@ADu Jian@4编著 |
| 801 | 0 | @aCN@bPFT@c20041203 |
| 905 | @dH31@eX5361:3 | |
| 新概念英语:练习祥解 3/孙玉荣,杜建编著.练习祥解 3.-北京:外语教学与研究出版社,2000.11 |
| 307页;20cm |
| ISBN 7-5600-1873-4:CNY 19.90 |
| ● |
| 相关链接 |
|
|
|
正题名:新概念英语:练习祥解 3
索取号:H31/X5361:3
 
预约/预借
| 序号 | 登录号 | 条形码 | 馆藏地/架位号 | 状态 | 备注 |
| 1 | 378185 | 203781853 | 语言库209/209语言库 88排3列2层/ [索取号:H31/X5361:3] | 在馆 | |
| 2 | 378186 | 203781862 | 语言库209/400B社科库 6排1列5层/ [索取号:H31/X5361:3] | 在馆 | |
| 3 | 378187 | 203781871 | 语言库209/209语言库 88排3列2层/ [索取号:H31/X5361:3] | 在馆 | |
| 4 | 378188 | 203781880 | 语言库209/209语言库 88排3列2层/ [索取号:H31/X5361:3] | 在馆 | |
| 5 | 378189 | 203781899 | 语言库209/ [索取号:H31/X5361:3] | 在馆 | |
| 6 | 429942 | 204299428 | 语言库209/400B社科库 6排1列5层/ [索取号:H31/X5361:3] | 在馆 | |
| 7 | 429943 | 204299437 | 语言库209/400B社科库 9排1列2层/ [索取号:H31/X5361:3] | 在馆 | |
| 8 | 429944 | 204299446 | 语言库209/ [索取号:H31/X5361:3] | 在馆 | |
| 9 | 429945 | 204299455 | 语言库209/400B社科库 6排1列5层/ [索取号:H31/X5361:3] | 在馆 | |
| 10 | 429946 | 204299464 | 语言库209/209语言库 88排3列2层/ [索取号:H31/X5361:3] | 在馆 | |
| 11 | 429947 | 204299473 | 语言库209/209语言库 88排3列2层/ [索取号:H31/X5361:3] | 在馆 | |
| 12 | 429948 | 204299482 | 语言库209/209语言库 88排3列2层/ [索取号:H31/X5361:3] | 在馆 | |
| 13 | 429949 | 204299491 | 语言库209/400B社科库 6排1列5层/ [索取号:H31/X5361:3] | 在馆 | |
| 14 | 429950 | 204299507 | 语言库209/504自科库 46排5列2层/ [索取号:H31/X5361:3] | 在馆 | |
| 15 | 429951 | 204299516 | 语言库209/400B社科库 11排1列1层/ [索取号:H31/X5361:3] | 在馆 |